|
|
|
|
| LEADER |
01191nam a2200229 a 4500 |
| 003 |
GR-PaULI |
| 005 |
20221220131247.0 |
| 008 |
210614s2001 gr a|||g |||| 00| 0 gre d |
| 952 |
|
|
|0 0
|1 0
|2 ddc
|4 0
|6 307_760000000000000_ΜΠΙ
|7 0
|9 325904
|a LISA
|b LISA
|c BSC
|d 2021-06-14
|i 15242
|l 0
|o 307.76 ΜΠΙ
|p 025000268433
|r 2021-06-14 00:00:00
|t 1
|v 2021.00
|w 2021-06-14
|y BK15
|
| 999 |
|
|
|c 182975
|d 182975
|
| 020 |
|
|
|a 960804197Χ
|
| 040 |
|
|
|a GR-PaULI
|b gre
|c GR-PaULI
|d GR-AiPI
|e AACR2
|
| 082 |
0 |
4 |
|a 307.76
|2 23
|
| 245 |
1 |
0 |
|a Βιώσιμες πόλεις :
|b θεωρία - πολιτική /
|c μετάφραση - επιμέλεια Κωνσταντίνος Π. Μπίθας
|
| 260 |
|
|
|a Αθήνα :
|b Τυπωθήτω,
|c 2001.
|
| 300 |
|
|
|a 324 σ. :
|b πίν., σχ. ;
|c 23 εκ.
|
| 504 |
|
|
|6 Περιλαμβάνει βιβλιογραφία : (σ. 318-319) και ευρετήριο.
|
| 650 |
|
4 |
|9 13278
|a Περιβάλλον
|x Προστασία
|
| 650 |
|
4 |
|a Αστικοποίηση
|x Περιβαλλοντικές απόψεις
|9 186409
|
| 700 |
1 |
|
|9 108057
|a Μπίθας, Κωνσταντίνος Π.
|e μεταφραστής
|e επιμελητής.
|
| 942 |
|
|
|2 ddc
|c BK15
|
| 998 |
|
|
|c ΜΙΧΟΣΤΑΥΡΟΥ
|d 2021-06
|